Statistics for Countries that End in O

Click here to take the quiz!

General Stats

  • This quiz has been taken 28,919 times
    (27,967 since last reset)
  • The average score is 6 of 12

Answer Stats

Country % Correct
Togo
68%
Dem. Rep. of the Congo
61%
Rep. of the Congo
60%
Lesotho
58%
Mexico
57%
Morocco
52%
Kosovo
51%
Monaco
46%
Montenegro
34%
San Marino
31%
Burkina Faso
30%
Trinidad and Tobago
29%

Score Distribution

Percentile by Number Answered

Percent of People with Each Score

Your Score History

You have not taken this quiz since the last reset